000 01268nam a2200229Ia 4500
001 L235-7417
003 IT-CnALBA
008 170116s9999||||xx |||||||||||||| ||und||
040 _aIT-CnALBA
_cIT-CnALBA
041 _aITALIANO
100 _aGASPARI SERGIO
245 0 _aCELEBRARE CON MARIA L'ANNO DI GRAZIA DEL SIGNORE. MISTAGOGIA CRISTOLOGICA MARIANA.
250 _a1a ed.
260 _a BRESCIA ROMA
_bMONFORTANE EDIZIONI
_c1987 [1° Ed.:1987 - Ed.Ling.Originale: 1987]
300 _a170 p. (prefazione: 58)
500 _aCRISTO ICONA DEL PADRE. ECONOMIA STORICA DI DIO TRA GLI UOMINI. MARIA NELLE LITURGIE ORIENTALI. NELL'ANNO LITURGICO BIZANTINO. NEL MISTERO DI CRISTO. LA VERGINE NEL RITO ROMANO. FUNZIONE MISTAGOGICA DI MARIA. CRISTO VERBO DEL PADRE. LA RISURREZIONE. CELEB
501 _aSocietà San Paolo EM - Piazza San Paolo, 14 - 12051 ALBA (CN) (non commercial uses only) ® Copyright 2017
520 _aCRISTO ICONA DEL PADRE. ECONOMIA STORICA DI DIO TRA GLI UOMINI. MARIA NELLE LITURGIE ORIENTALI. NELL'ANNO LITURGICO BIZANTINO. NEL MISTERO DI CRISTO. LA VERGINE NEL RITO ROMANO. FUNZIONE MISTAGOGICA DI MARIA. CRISTO VERBO DEL PADRE. LA RISURREZIONE. CELEB
650 _aMARIA SS. ANGELI SANTI DEMONI
942 _cBK
957 _71
999 _a8393
_bNO
_g Copie: 1
_c266599
_d266599